000 02089nab a2200193 i 4500
001 768714001
003 CO-MdFUSB
005 20221020151321.0
008 221020s1990 sp ||||| |||| 00| 0 spa d
040 _bspa
_cCO-MdFUSB
_dCO-MdFUSB
041 _aspa
100 _aTorres Esbarranch, Juan José,
_eautor
245 1 3 _aLa historiografía griega de época romana :
_bHerodiano y la composición de la historia
_c/ Juan José Torres Esbarranch
300 _aNúmero 20, (1990), páginas 102 - 107
_c; 27 cm.
520 _aSobre la vida de Herodiano sólo contamos con la in formación que se desprende de su obra. Lamentable mente los datos son escasos y, a veces, imprecisos, circunstancia que ha dado lugar a numerosas conjeturas. Su Historia (Herodiano têsmetà Markon basiletas bistoria) abarca un período de cincuenta y ocho años que se extiende desde la muerte de Marco Aurelio (180) hasta la subida al trono de Gordiano III (238) y se refiere, según nos dice el propio historia dor en 1.2.5, a hechos que ocurrieron durante su vida, sucesos que él mismo presenció o de los que fue informado (según la norma de Luciano: Cómo escribir la bistoria, 47), o en los que participó, incluso, desde sus puestos de servicio imperial y público. Herodiano estuvo, pues, inter vivos, si aceptamos su declaración, entre los años 180 y 238. Pero nos faltan datos seguros para saber cuánto deben prolon garse estas fechas y determinar así con exactitud los años de su nacimiento y de su muerte. Tampoco sabemos a ciencia cierta, a diferencia del caso de su contemporáneo Dión Casio, las fechas de composición de su Historia, y desconocemos muchas precisiones biográficas sobre su origen, posición social, carrera, etc. Parece que siguió el consejo que Lucia no daba al decir que el historiador en sus libros de bía ser un extranjero, sin patria, independiente y sin rey (Luciano, op. cit., 41).
653 _aHistoriografía griega
773 0 _068212
_981328
_oR2115
_tAnthropos :
_w(CO-MdFUSB)768714001
_gNúmero 20, (1990), páginas 102 - 107
_qpáginas 102
942 _cANA
999 _c68317
_d68317